000
00268nam a2200109Ia 4500
008
220204s9999 xx 000 0 und d
082
_a
954(541.13)
_b
SAI
100
_a
Omesh
245
0
_a
Tripura: Its history and culture
260
_a
Delhi
_b
Concept
_c
1978
942
_c
BK
999
_c
36608
_d
36608